Fire suppression substitutes and alternatives to halon for U.S. Navy applications (Record no. 70475)
[ view plain ]
| 000 -LEADER | |
|---|---|
| fixed length control field | 01601nam a2200349 a 4500 |
| 082 04 - DEWEY DECIMAL CLASSIFICATION NUMBER | |
| Classification number | 628.9/254 |
| 245 00 - TITLE STATEMENT | |
| Title | Fire suppression substitutes and alternatives to halon for U.S. Navy applications |
| 260 ## - PUBLICATION, DISTRIBUTION, ETC. (IMPRINT) | |
| Place of publication | Washington, D.C. : |
| Name of publisher | National Academy Press, |
| Year of publication | 1997. |
| 300 ## - PHYSICAL DESCRIPTION | |
| Number of Pages | xii, 98 p. : |
| Other physical details | ill. |
| 490 1# - SERIES STATEMENT | |
| Series statement | The compass series |
| 650 #0 - SUBJECT ADDED ENTRY--TOPICAL TERM | |
| Topical Term | Fire extinction |
| Topical Term | Bromotrifluoromethane |
| Topical Term | Fire extinguishing agents |
| Topical Term | Airplanes |
| Topical Term | Ships |
| 856 40 - ELECTRONIC LOCATION AND ACCESS | |
| Uniform Resource Identifier | http://site.ebrary.com/lib/rucke/Doc?id=10056957 |
No items available.
